00452nam a2200157Ia 4500008004100000041001200041082001900053100002700072245004800099520001300147546001200160630004800172650001300220655001300233730004800246101110s9999 xx 000 0 und d aENGLISH bSR12106a657.3 aKishnadwala and Shetty aFinancial Accounting Part - II (T.Y.B.Com.) aCommerce aENGLISH aFinancial Accounting Part - II (T.Y.B.Com.) aCommerce aCommerce aFinancial Accounting Part - II (T.Y.B.Com.)